Graph theory with applications to engineering and computer science.

Guardado en:
Autor Principal: Deo, Narsingh, 1936-
Formato: Libro
Idioma:English
Publicado: Englewood Cliffs, N.J. : Prentice-Hall, [1974]
Series:Prentice-Hall series in automatic computation
Materias:
Etiquetas: Agregar Etiqueta
Sin Etiquetas, Sea el primero en etiquetar este registro!
LEADER 00708pam a2200217 a 4500
001 MAT.inmabb005794
008 730426s1974####njua#####b####001#0#eng##
005 20170612122854.0
245 1 0 |a Graph theory with applications to engineering and computer science. 
260 |a Englewood Cliffs, N.J. :  |b Prentice-Hall,  |c [1974] 
300 |a xvii, 478 p. :  |b il. ;  |c 24 cm. 
490 0 |a Prentice-Hall series in automatic computation 
504 |a Incluye referencias bibliográficas. 
510 4 |a MR,  |c 50 #12772 
020 |a 0133634736 
100 1 |a Deo, Narsingh,  |d 1936- 
650 0 |a Graph theory. 
084 |a 65.0X  |2 MR 
010 |a  73007566  
040 |a DLC  |c DLC  |d DLC 
859 |h 65  |i D418  |p A-4242  |b BIB. MATEMATICA